[Event "Daqing Boyi Cup-A"]
[Site "Daqing"]
[Date "2023.08.15"]
[Round "5"]
[White "He, Henry"]
[Black "Lin, Peisen"]
[Result "1/2-1/2"]
[WhiteElo "1859"]
[BlackElo "1965"]
[PlyCount "159"]
[EventDate "2023.08.13"]
[EventType "swiss"]
[EventRounds "9"]
[EventCountry "CHN"]
[SourceTitle "EXT 2024"]
[Source "ChessBase"]
[SourceDate "2023.10.10"]
[SourceVersion "1"]
[SourceVersionDate "2023.10.10"]
[SourceQuality "1"]

1. e4 c5 2. Nf3 e6 3. d4 cxd4 4. Nxd4 Nc6 5. Nc3 Qc7 6. Be2 a6 7. Be3 Nf6 8. 0-0 Bb4 9. Na4 0-0 10. Nxc6 bxc6 11. Nb6 Rb8 12. Nxc8 Rfxc8 13. Bxa6 Rd8 14. Bd3 Bd6 15. f4 e5 16. f5 Rxb2 17. g4 Bf8 18. g5 Ne8 19. Rf3 d5 20. Rh3 dxe4 21. Qh5 h6 22. Bc4 Nd6 23. gxh6 Nxc4 24. hxg7 Bxg7 25. Qh7+ Kf8 26. Bc5+ Nd6 27. Rg3 f6 28. Rd1 Rb7 29. Kh1 Ke8 30. Qg6+ Qf7 31. Rxd6 Rxd6 32. Bxd6 Qxg6 33. Rxg6 Kf7 34. Ba3 Rb1+ 35. Rg1 Rb5 36. Bc1 Ra5 37. a3 Bf8 38. Rg3 Rc5 39. c3 Rc4 40. h3 Ra4 41. Rg2 Bc5 42. Re2 Rc4 43. Be3 Bxa3 44. Bd2 Bc5 45. Kg2 e3 46. Bxe3 Rxc3 47. Bxc5 Rxc5 48. Rd2 Kg7 49. Kf3 Rc4 50. Rg2+ Kf7 51. Kg3 Rf4 52. Rc2 Rxf5 53. Rxc6 Rf4 54. h4 Kg6 55. Rc8 Ra4 56. Rg8+ Kf7 57. Rb8 f5 58. Rb6 Ra3+ 59. Kg2 f4 60. h5 Rg3+ 61. Kf2 Rg5 62. h6 Kg8 63. Re6 Kh7 64. Ke2 Rg2+ 65. Kf1 Rg5 66. Kf2 Rh5 67. Ke2 Kg8 68. Rf6 Rh3 69. Kf2 Kh7 70. Re6 Rh5 71. Rf6 Kg8 72. Re6 e4 73. Rf6 Rh3 74. Ke2 Kh7 75. Re6 Re3+ 76. Kf2 Kh8 77. Re7 Kg8 78. h7+ Kh8 79. Rf7 Rf3+ 80. Ke2 1/2-1/2

[Event "Tianjin Binhai Cup 2nd"]
[Site "Tianjin"]
[Date "2020.01.18"]
[Round "9"]
[White "Lin, Peisen"]
[Black "Hu, Zhening"]
[Result "0-1"]
[WhiteElo "1965"]
[BlackElo "1708"]
[PlyCount "88"]
[EventDate "2020.01.13"]
[EventType "swiss"]
[EventRounds "9"]
[EventCountry "CHN"]
[SourceTitle "CBM 194 Extra"]
[Source "ChessBase"]
[SourceDate "2020.03.31"]
[SourceVersion "1"]
[SourceVersionDate "2020.03.31"]
[SourceQuality "1"]

1. e4 c5 2. Nf3 d6 3. d4 cxd4 4. Nxd4 Nf6 5. Nc3 a6 6. f3 e5 7. Nb3 Be6 8. Be3 Be7 9. Qd2 0-0 10. 0-0-0 Nbd7 11. g4 b5 12. g5 b4 13. gxf6 bxc3 14. Qxc3 Nxf6 15. Na5 Rc8 16. Nc6 Qe8 17. Nxe7+ Qxe7 18. Qa5 Rc6 19. Rg1 Rfc8 20. Rg2 Qb7 21. c3 Rb8 22. Rc2 Nd7 23. Kb1 Qc8 24. Rdc1 Nc5 25. c4 Qb7 26. Bxc5 Rxc5 27. Qd2 Rc6 28. b3 Qc7 29. f4 exf4 30. Rc3 a5 31. a4 Rcb6 32. Ka2 Qb7 33. Qd3 g6 34. Be2 Qc6 35. Bd1 Qc5 36. Qd2 Qe5 37. Bc2 Rb4 38. Rb1 f3 39. Qe3 f2 40. Qg3 Bxc4 41. Qxe5 dxe5 42. Bd3 Rxa4+ 43. Kb2 Bxd3 44. Rxd3 Rxe4 0-1

[Event "Tianjin Binhai Cup 2nd"]
[Site "Tianjin"]
[Date "2020.01.13"]
[Round "2"]
[White "Lin, Peisen"]
[Black "Nie, Xinyang"]
[Result "0-1"]
[WhiteElo "1965"]
[BlackElo "2379"]
[PlyCount "68"]
[EventDate "2020.01.13"]
[EventType "swiss"]
[EventRounds "9"]
[EventCountry "CHN"]
[SourceTitle "CBM 194 Extra"]
[Source "ChessBase"]
[SourceDate "2020.03.31"]
[SourceVersion "1"]
[SourceVersionDate "2020.03.31"]
[SourceQuality "1"]

1. e4 b6 2. d4 Bb7 3. Nc3 e6 4. Nf3 Bb4 5. Bd3 Nf6 6. Qe2 d5 7. exd5 Nxd5 8. Bd2 Nxc3 9. bxc3 Bd6 10. 0-0 Nd7 11. Ng5 Nf6 12. Rfe1 0-0 13. Ne4 Nxe4 14. Bxe4 Bxe4 15. Qxe4 Qd7 16. c4 Rfe8 17. Rad1 Qa4 18. Qd3 Rad8 19. Qb3 Qa6 20. Be3 h6 21. a4 Qc8 22. a5 e5 23. d5 Qd7 24. Rb1 Qe7 25. Qb5 f5 26. f3 e4 27. Bf2 Qg5 28. fxe4 fxe4 29. Qb3 Rf8 30. Bd4 Rf3 31. Re3 Rdf8 32. Rbe1 R8f5 33. Qb5 Bxh2+ 34. Kh1 Qh4 0-1

[Event "SCO op"]
[Site "Qingdao"]
[Date "2019.09.23"]
[Round "5"]
[White "Hu, Yu A"]
[Black "Lin, Peisen"]
[Result "1/2-1/2"]
[WhiteElo "2105"]
[BlackElo "1849"]
[PlyCount "74"]
[EventDate "2019.09.19"]
[EventType "swiss"]
[EventRounds "9"]
[EventCountry "CHN"]
[SourceTitle "EXT 2020"]
[Source "ChessBase"]
[SourceDate "2019.10.17"]
[SourceVersion "1"]
[SourceVersionDate "2019.10.17"]
[SourceQuality "1"]

1. e4 e6 2. d4 d5 3. Nd2 c5 4. exd5 Qxd5 5. Ngf3 cxd4 6. Bc4 Qd6 7. 0-0 Nf6 8. Nb3 Nc6 9. Nbxd4 Nxd4 10. Nxd4 a6 11. Re1 Qc7 12. Qe2 Bc5 13. c3 0-0 14. Bg5 Nd5 15. Rad1 Nf4 16. Qe4 Ng6 17. Bb3 Bd7 18. h4 Be7 19. Bxe7 Nxe7 20. Bc2 g6 21. h5 Nd5 22. hxg6 hxg6 23. Bb3 Nf6 24. Qh4 Kg7 25. Qg5 Rh8 26. Qe5 Qxe5 27. Rxe5 Rhd8 28. f3 Rac8 29. Kf2 Ng8 30. Re2 Kf6 31. Bc2 Ne7 32. Red2 Be8 33. Be4 Nc6 34. Nb3 Rxd2+ 35. Rxd2 Ke7 36. Nc5 Rc7 37. b4 Nd8 1/2-1/2

[Event "CHN-chT"]
[Site "Daqing"]
[Date "2019.06.23"]
[Round "5.3"]
[White "Hou, Yifan B"]
[Black "Lin, Peisen"]
[Result "1/2-1/2"]
[WhiteElo "1932"]
[BlackElo "1988"]
[PlyCount "61"]
[EventDate "2019.06.19"]
[EventType "team-swiss"]
[EventRounds "9"]
[EventCountry "CHN"]
[SourceTitle "CBM 191 Extra"]
[Source "ChessBase"]
[SourceDate "2019.09.30"]
[SourceVersion "1"]
[SourceVersionDate "2019.09.30"]
[SourceQuality "1"]
[WhiteTeam "Heilongjiang"]
[BlackTeam "Guangdong"]
[WhiteTeamCountry "CHN"]
[BlackTeamCountry "CHN"]

1. d4 Nf6 2. Nf3 g6 3. c4 Bg7 4. g3 d5 5. Bg2 dxc4 6. Qa4+ Nfd7 7. Qxc4 Nb6 8. Qc2 Nc6 9. 0-0 0-0 10. e3 Bf5 11. e4 Bg4 12. d5 Bxf3 13. Bxf3 Nd4 14. Qd3 Nxf3+ 15. Qxf3 f5 16. Nc3 fxe4 17. Qxe4 Bxc3 18. bxc3 Qxd5 19. Qxe7 Rae8 20. Qg5 Rf5 21. Qg4 Qf3 22. Qb4 c5 23. Qb3+ c4 24. Qb4 h5 25. Qd6 Rf6 26. Qd4 Re4 27. Qd8+ Rf8 28. Qd6 Rf6 29. Qd8+ Rf8 30. Qd6 Rg4 31. h3 1/2-1/2

[Event "Hong Kong Jolimark op"]
[Site "Hong Kong"]
[Date "2018.12.25"]
[Round "7"]
[White "Lin, Peisen"]
[Black "Li, Shanglin B"]
[Result "1/2-1/2"]
[WhiteElo "2018"]
[BlackElo "1750"]
[PlyCount "72"]
[EventDate "2018.12.22"]
[EventType "swiss"]
[EventRounds "9"]
[EventCountry "HKG"]
[SourceTitle "CBM 188 Extra"]
[Source "ChessBase"]
[SourceDate "2019.02.26"]
[SourceVersion "1"]
[SourceVersionDate "2019.02.26"]
[SourceQuality "1"]

1. e4 c6 2. d4 d5 3. Nd2 dxe4 4. Nxe4 Nf6 5. Nxf6+ exf6 6. c3 Bd6 7. Bd3 0-0 8. Ne2 Nd7 9. Qc2 h6 10. Bf4 Bxf4 11. Nxf4 Re8+ 12. Ne2 Nf8 13. 0-0-0 Qa5 14. Kb1 Be6 15. Nc1 Qc7 16. h3 a5 17. Rhf1 a4 18. f4 b5 19. g4 Rab8 20. f5 Bd5 21. Qf2 Nd7 22. Ne2 c5 23. Nf4 Ba8 24. d5 Ne5 25. Be2 Qd6 26. Rfe1 Rb6 27. Bf1 Reb8 28. Qg3 Bb7 29. h4 Bc8 30. Rc1 Bd7 31. Bh3 Nc4 32. Bf1 Ne5 33. Red1 Nc4 34. Bd3 Ne5 35. Bf1 Nc4 36. Bd3 Ne5 1/2-1/2

[Event "Hong Kong Jolimark op"]
[Site "Hong Kong"]
[Date "2018.12.24"]
[Round "4"]
[White "Concio, Michael Jr"]
[Black "Lin, Peisen"]
[Result "1/2-1/2"]
[WhiteElo "2034"]
[BlackElo "2018"]
[PlyCount "151"]
[EventDate "2018.12.22"]
[EventType "swiss"]
[EventRounds "9"]
[EventCountry "HKG"]
[SourceTitle "CBM 188 Extra"]
[Source "ChessBase"]
[SourceDate "2019.02.26"]
[SourceVersion "1"]
[SourceVersionDate "2019.02.26"]
[SourceQuality "1"]

1. g3 Nf6 2. Bg2 d5 3. c4 g6 4. cxd5 Nxd5 5. Nc3 Nb6 6. d4 Bg7 7. Nf3 Nc6 8. e3 0-0 9. 0-0 Re8 10. d5 Na5 11. Nd4 Bd7 12. a4 Rc8 13. Nb3 Nxb3 14. Qxb3 a5 15. e4 e6 16. Be3 exd5 17. exd5 Bf5 18. Rfd1 Nd7 19. Nb5 Bf8 20. Rac1 Ne5 21. Bf4 Bd6 22. Nxd6 cxd6 23. Be3 Qd7 24. f4 Rxc1 25. Bxc1 Nd3 26. Bf1 Nc5 27. Qc3 Qxa4 28. Re1 Rxe1 29. Qxe1 Qe4 30. Qc3 Qxd5 31. Be3 Qd1 32. Qd4 Qxd4 33. Bxd4 Kf8 34. Kf2 Ke7 35. Ke3 Bd7 36. Bc3 b6 37. Bg2 Be6 38. Bd4 Kd7 39. Bc3 Kc7 40. b4 axb4 41. Bxb4 Na6 42. Bc3 Nc5 43. Bb4 Nb3 44. Kd3 d5 45. Kc3 Na5 46. h3 Nc6 47. Ba3 h5 48. g4 hxg4 49. hxg4 Na7 50. Bb2 Kd6 51. g5 Nb5+ 52. Kb4 Kc6 53. Be5 Nd6 54. Bf1 Bf5 55. Be2 Be4 56. Bf1 Kd7 57. Bd4 Kc6 58. Be5 Bb1 59. Be2 Ba2 60. Bd3 Bc4 61. Bc2 Kd7 62. Bd4 b5 63. Be5 Ke6 64. Kc3 Nc8 65. Bd1 Kf5 66. Bc2+ Ke6 67. Bd1 Ke7 68. Bf6+ Kd6 69. Be5+ Kc6 70. Bc2 Nd6 71. Bd4 Kd7 72. Bd1 Ne4+ 73. Kb4 Ke6 74. Bg4+ Kd6 75. Bf3 Ng3 76. Bg4 1/2-1/2

[Event "Wch U20 57th"]
[Site "Manavgat"]
[Date "2018.09.12"]
[Round "8"]
[White "Karaoglan, Doruk"]
[Black "Lin, Peisen"]
[Result "1-0"]
[WhiteElo "2196"]
[BlackElo "2034"]
[PlyCount "161"]
[EventDate "2018.09.05"]
[EventType "swiss"]
[EventRounds "11"]
[EventCountry "TUR"]
[SourceTitle "CBM 186 Extra"]
[Source "ChessBase"]
[SourceDate "2018.08.24"]
[SourceVersion "1"]
[SourceVersionDate "2018.08.24"]
[SourceQuality "1"]

1. e4 e6 2. d4 d5 3. Nd2 c5 4. Ngf3 Nc6 5. exd5 Qxd5 6. Bc4 Qd7 7. Nb3 cxd4 8. Nbxd4 Nxd4 9. Nxd4 a6 10. 0-0 Nf6 11. a4 Qc7 12. Qe2 Bd6 13. h3 0-0 14. Be3 b6 15. Bg5 Nd7 16. Rad1 Ne5 17. Bb3 Ng6 18. Qc4 Bc5 19. Ne2 Bb7 20. Qg4 Rfe8 21. Nf4 Ne5 22. Qg3 Ng6 23. Nh5 Qxg3 24. Nxg3 h6 25. Be3 Bxe3 26. fxe3 Red8 27. Ne2 Nh4 28. g3 Nf3+ 29. Kf2 Nd2 30. Rfe1 Nxb3 31. cxb3 a5 32. Nc3 Rac8 33. e4 Kf8 34. Ke3 Ke7 35. Rc1 Ba6 36. Red1 Rxd1 37. Rxd1 Rc5 38. Rd4 e5 39. Nd5+ Ke6 40. Rd2 Rc8 41. Nc3 g6 42. g4 Bb7 43. Nb5 Bc6 44. Na3 Bd7 45. Nc4 Rc6 46. Nxe5 Kxe5 47. Rxd7 Rc2 48. Rd5+ Kf6 49. Kf4 Rf2+ 50. Kg3 Rxb2 51. Rb5 Ke6 52. Kf3 Kd6 53. Rxb6+ Kc5 54. Rb7 Kd4 55. Rd7+ Kc3 56. Rxf7 Rxb3 57. e5 Kd4+ 58. Kf4 Rb4 59. Rd7+ Kc5+ 60. Kf3 Rb3+ 61. Kf2 Rb6 62. Ke3 Rb3+ 63. Rd3 Rb6 64. Rd7 Rb3+ 65. Rd3 Rb6 66. Rd8 Rb3+ 67. Ke2 Rb6 68. Ra8 Kb4 69. Kd3 Kxa4 70. Kc4 Rb1 71. e6 Re1 72. Kd5 Kb4 73. Kd6 Rd1+ 74. Ke5 Re1+ 75. Kf6 Rf1+ 76. Kxg6 Re1 77. Kf7 Rf1+ 78. Ke8 a4 79. e7 a3 80. Kd7 Rd1+ 81. Kc7 1-0

[Event "CHN-chB"]
[Site "Jiangmen"]
[Date "2018.07.22"]
[Round "10"]
[White "Lin, Peisen"]
[Black "Wang, Shixu B"]
[Result "0-1"]
[WhiteElo "2056"]
[BlackElo "2341"]
[PlyCount "136"]
[EventDate "2018.07.18"]
[EventType "swiss"]
[EventRounds "11"]
[EventCountry "CHN"]
[SourceTitle "CBM 185 Extra"]
[Source "ChessBase"]
[SourceDate "2018.07.29"]
[SourceVersion "1"]
[SourceVersionDate "2018.07.29"]
[SourceQuality "1"]

1. e4 c6 2. d4 d5 3. Nd2 dxe4 4. Nxe4 Nf6 5. Nxf6+ exf6 6. c3 Bd6 7. Bd3 Na6 8. Ne2 Nc7 9. Bf4 0-0 10. 0-0 Re8 11. Qd2 Bf8 12. Rfe1 Nd5 13. Bg3 Bd7 14. Nf4 Ne7 15. h3 Nf5 16. Bh2 Qa5 17. Ne2 g6 18. Bf4 Rad8 19. Qc2 c5 20. dxc5 Qxc5 21. Rad1 Kg7 22. Ng3 Nxg3 23. Bxg3 Bc6 24. Rxe8 Rxe8 25. Bf1 Qg5 26. Qc1 Qa5 27. Bf4 Bc5 28. b4 Bb6 29. c4 Re4 30. Bg3 Rd4 31. Re1 a6 32. Be2 Qf5 33. c5 Bd8 34. Qc3 Re4 35. f3 Re8 36. Bd3 Rxe1+ 37. Bxe1 Qg5 38. Bd2 Qg3 39. Be1 Qf4 40. Bd2 Qg3 41. Be1 Qb8 42. Bc4 Bc7 43. Bd2 Qe8 44. Qe3 Qd7 45. Qd3 Qc8 46. Qb3 Bb8 47. Qe3 Qd7 48. Qd3 Qc7 49. Qe3 Qh2+ 50. Kf1 Be5 51. Qg1 Qxg1+ 52. Kxg1 Bb5 53. Bd5 Bd4+ 54. Kh2 Bc6 55. Bc4 f5 56. f4 Bf2 57. Bc3+ f6 58. g4 fxg4 59. hxg4 Be3 60. Kg3 g5 61. fxg5 Bxg5 62. Bb3 Bc1 63. Bc4 h6 64. Kh4 Be3 65. Kg3 Kg6 66. Kh4 Bf3 67. Kh3 Kg7 68. Bb3 Be2 0-1

[Event "CHN-chB"]
[Site "Jiangmen"]
[Date "2018.07.21"]
[Round "7"]
[White "Lin, Peisen"]
[Black "Lin, Yi1111"]
[Result "1/2-1/2"]
[WhiteElo "2056"]
[BlackElo "2371"]
[PlyCount "63"]
[EventDate "2018.07.18"]
[EventType "swiss"]
[EventRounds "11"]
[EventCountry "CHN"]
[SourceTitle "CBM 185 Extra"]
[Source "ChessBase"]
[SourceDate "2018.07.29"]
[SourceVersion "1"]
[SourceVersionDate "2018.07.29"]
[SourceQuality "1"]

1. e4 c5 2. Nf3 e6 3. d4 cxd4 4. Nxd4 Nc6 5. Nc3 Qc7 6. g3 a6 7. Bg2 Nf6 8. 0-0 Nxd4 9. Qxd4 Bc5 10. Bf4 d6 11. Qd3 Nd7 12. Na4 e5 13. Bd2 Bd4 14. c3 Nc5 15. Nxc5 Bxc5 16. c4 Be6 17. Rac1 0-0 18. b3 Rac8 19. a4 Qb8 20. Rfd1 Rfd8 21. Be3 Qc7 22. Qe2 Qb6 23. Rc3 Rd7 24. Rcd3 Rcd8 25. h3 h6 26. Kh2 Bxe3 27. Rxe3 Qc5 28. Qd2 a5 29. Rd3 Kf8 30. Bf3 Kg8 31. Bg4 b6 32. Kg2 1/2-1/2

[Event "Longtou Cup 1st"]
[Site "Qinhuangdao"]
[Date "2018.06.04"]
[Round "9.22"]
[White "Lin, Peisen"]
[Black "Zhao, Chenxi"]
[Result "1/2-1/2"]
[WhiteElo "2013"]
[BlackElo "2300"]
[PlyCount "61"]
[EventDate "2018.05.26"]
[EventType "swiss"]
[EventRounds "9"]
[EventCountry "CHN"]
[SourceTitle "CBM 184 Extra"]
[Source "ChessBase"]
[SourceDate "2018.06.28"]
[SourceVersion "1"]
[SourceVersionDate "2018.06.28"]
[SourceQuality "1"]

1. e4 c5 2. Nf3 e6 3. d4 cxd4 4. Nxd4 a6 5. Nc3 Qc7 6. g3 Nf6 7. Bg2 Be7 8. 0-0 0-0 9. Be3 d6 10. f4 Nbd7 11. Kh1 Nb6 12. Qd3 Bd7 13. Rad1 Nc4 14. Bc1 Rac8 15. b3 Na5 16. Bb2 Rfd8 17. Rc1 b5 18. Rfd1 Qb6 19. h3 b4 20. Nce2 Nb7 21. g4 Nc5 22. Qe3 e5 23. Nf5 Bf8 24. Neg3 Qb8 25. fxe5 dxe5 26. Qg5 Bxf5 27. Nxf5 Rxd1+ 28. Rxd1 Ncxe4 29. Nh6+ Kh8 30. Nxf7+ Kg8 31. Nh6+ 1/2-1/2

[Event "Longtou Cup 1st"]
[Site "Qinhuangdao"]
[Date "2018.06.01"]
[Round "6"]
[White "Lin, Peisen"]
[Black "Sun, Pengxiang"]
[Result "1-0"]
[WhiteElo "2013"]
[BlackElo "1602"]
[PlyCount "101"]
[EventDate "2018.05.26"]
[EventType "swiss"]
[EventRounds "9"]
[EventCountry "CHN"]
[SourceTitle "CBM 184 Extra"]
[Source "ChessBase"]
[SourceDate "2018.06.28"]
[SourceVersion "1"]
[SourceVersionDate "2018.06.28"]
[SourceQuality "1"]

1. e4 c5 2. Nf3 d6 3. d4 cxd4 4. Nxd4 Nf6 5. Nc3 a6 6. Be3 e5 7. Nb3 Be6 8. Qd2 Be7 9. f3 0-0 10. 0-0-0 b5 11. g4 b4 12. Nd5 Bxd5 13. exd5 a5 14. Kb1 Qc7 15. g5 Nfd7 16. h4 Nb6 17. Bxb6 Qxb6 18. Bh3 f5 19. Qd3 a4 20. Nc1 g6 21. Qd2 Na6 22. Bf1 Nc5 23. Nd3 b3 24. cxb3 axb3 25. a3 Nxd3 26. Bxd3 e4 27. fxe4 fxe4 28. Bxe4 Rf2 29. Qd4 Qxd4 30. Rxd4 Raf8 31. Kc1 R8f4 32. Rb4 Bf8 33. h5 gxh5 34. Rxh5 h6 35. gxh6 Re2 36. Bh7+ Kxh7 37. Rxf4 Bxh6 38. Rxh6+ Kxh6 39. Rf6+ Kg5 40. Rxd6 Rc2+ 41. Kb1 Rd2 42. Rc6 Rxd5 43. Kc1 Kf4 44. Rc3 Rb5 45. Kd2 Ke4 46. Rc4+ Kd5 47. Kc3 Ra5 48. Kxb3 Rb5+ 49. Rb4 Rc5 50. a4 Kc6 51. Rc4 1-0

[Event "Longtou Cup 1st"]
[Site "Qinhuangdao"]
[Date "2018.05.26"]
[Round "1"]
[White "Mohr, Georg"]
[Black "Lin, Peisen"]
[Result "1-0"]
[WhiteElo "2469"]
[BlackElo "2013"]
[PlyCount "115"]
[EventDate "2018.05.26"]
[EventType "swiss"]
[EventRounds "9"]
[EventCountry "CHN"]
[SourceTitle "CBM 184 Extra"]
[Source "ChessBase"]
[SourceDate "2018.06.28"]
[SourceVersion "1"]
[SourceVersionDate "2018.06.28"]
[SourceQuality "1"]

1. e4 e6 2. d3 c5 3. g3 Nc6 4. Bg2 g6 5. Nc3 Bg7 6. Be3 Nd4 7. Nce2 d6 8. c3 Nxe2 9. Nxe2 Ne7 10. d4 Qc7 11. 0-0 0-0 12. Qd2 b6 13. c4 Bb7 14. Rac1 e5 15. dxe5 dxe5 16. Nc3 Nc6 17. Nd5 Qd6 18. f4 Nd4 19. f5 f6 20. fxg6 hxg6 21. Rf2 Rf7 22. Rcf1 Raf8 23. Qd1 Bc8 24. h4 Qe6 25. h5 gxh5 26. Bxd4 exd4 27. Bf3 Qe5 28. Bxh5 Bh3 29. Bxf7+ Rxf7 30. Qd3 Bxf1 31. Rxf1 Bh6 32. Rf5 Qe6 33. Qf3 Bg7 34. b3 Rf8 35. Kf1 Rf7 36. Ke2 Qc6 37. Kd3 b5 38. e5 bxc4+ 39. bxc4 Qb7 40. Nxf6+ Bxf6 41. Qxb7 Rxb7 42. exf6 Rc7 43. Rg5+ Kf8 44. Ke4 Rc6 45. Kf5 d3 46. Kg6 Rd6 47. Rxc5 Ke8 48. Re5+ Kf8 49. Re1 Rd4 50. Rd1 Rg4+ 51. Kf5 Rxg3 52. c5 Kf7 53. Ke5 Re3+ 54. Kd4 Re6 55. Rxd3 Kxf6 56. Rf3+ Kg7 57. Kd5 Re1 58. c6 1-0